Projednávaní dokumentace staveb
Saved in:
| Main Author: | |
|---|---|
| Format: | Book |
| Language: | Czech |
| Published: |
Praha
Státní komise pro vědeckotechnický a investičný rozvoj
1986
|
| Edition: | 2. vyd. |
| Series: | Příručky investiční výstavby
|
| Tags: |
No Tags, Be the first to tag this record!
|
MARC
| LEADER | 00000nam a2200000 4500 | ||
|---|---|---|---|
| 001 | c032922 | ||
| 005 | 20250916065944.8 | ||
| 041 | 0 | |a cze | |
| 044 | |a CZ | ||
| 245 | 1 | 0 | |a Projednávaní dokumentace staveb |c Jiří Palivec a kol. |
| 250 | |a 2. vyd. | ||
| 264 | 1 | |a Praha |b Státní komise pro vědeckotechnický a investičný rozvoj |c 1986 | |
| 300 | |a 192 s. | ||
| 490 | 1 | |a Příručky investiční výstavby | |
| 830 | 0 | |a Příručky investiční výstavby | |
| 100 | 1 | |a Palivec, Jiří | |